Risques sanitaires et gestion des ressources (notice n° 1641256)
[ vue normale ]
| 000 -LEADER | |
|---|---|
| fixed length control field | 00575cam a2200157 4500500 |
| 005 - DATE AND TIME OF LATEST TRANSACTION | |
| control field | 20260201105124.0 |
| 041 ## - LANGUAGE CODE | |
| Language code of text/sound track or separate title | fre |
| 042 ## - AUTHENTICATION CODE | |
| Authentication code | dc |
| 100 10 - MAIN ENTRY--PERSONAL NAME | |
| Personal name | Joël, Marie-Ève |
| Relator term | author |
| 245 00 - TITLE STATEMENT | |
| Title | Risques sanitaires et gestion des ressources |
| 260 ## - PUBLICATION, DISTRIBUTION, ETC. | |
| Date of publication, distribution, etc. | 2006.<br/> |
| 500 ## - GENERAL NOTE | |
| General note | 77 |
| 520 ## - SUMMARY, ETC. | |
| Summary, etc. | Resumé Une relation complexe entre experts et décideurs, où l’usager ne trouve pas pleinement sa place. |
| 786 0# - DATA SOURCE ENTRY | |
| Note | Revue Projet | 293 | 4 | 2006-06-01 | p. 48-53 | 0033-0884 |
| 856 41 - ELECTRONIC LOCATION AND ACCESS | |
| Uniform Resource Identifier | <a href="https://shs.cairn.info/revue-projet-2006-4-page-48?lang=fr&redirect-ssocas=7080">https://shs.cairn.info/revue-projet-2006-4-page-48?lang=fr&redirect-ssocas=7080</a> |
Pas d'exemplaire disponible.




Réseaux sociaux